000 014610000a22003490004500
003 EG-GICUC
005 20250223033002.0
008 070418s2006 ua h f m 000 0 eng d
040 _aEG-GICUC
_beng
_cEG-GICUC
041 0 _aEng
049 _aDeposite
097 _aM.Sc
099 _aCai01.12.11.M.Sc.2006.Am.E
100 0 _aAmani Ebaied Fetohi Khalil
245 1 0 _aElectrochemical studies on the corrosion of Al and Al alloys /
_cAmani Ebaied Fetohi Khalil ; Supervised Mohammed Wahid Eldin Khalil , Mamdouh Ahmed Abdelrahim , Hanaa Barakat Hasan
246 1 5 _aدراسات كهروكيميائية على تآكل الالومونيوم وسبائكه
260 _aCairo :
_bAmani Ebaied Fetohi Khalil ,
_c2006
300 _a100P :
_bfacsimiles ;
_c30cm
502 _aThesis (M.Sc.) - Cairo University - Faculty Of Science - Department Of Physical Chemistry
520 _aThe aim of the present work is the study of the electrochemical corrosion of pure aluminum (9954) and its alloys AA3004 , AA2011 , AA2014 and AA7075 in H2SO4
530 _aIssued also as CD
653 4 _aAluminum
653 4 _aAluminum alloys
653 4 _aCorrosion
700 0 _aHanaa Barakat Hasan ,
_eSupervisor
700 0 _aMamdouh Ahmed Abdelrahim ,
_eSupervisor
700 0 _aMohammed Wahid Eldin Khalil ,
_eSupervisor
856 _uhttp://172.23.153.220/th.pdf
905 _aMustafa
_eRevisor
905 _aSamia
_eCataloger
942 _2ddc
_cTH
999 _c85615
_d85615